The Fernando Alonso Quiz - Statistics

General Stats
  • This quiz has been taken 110 times
  • The average score is 15 of 18
Answer Stats
Hint Answer % Correct
Current Team Aston Martin
100%
Current Teammate Lance Stroll
100%
Nationality Spanish
99%
Team he drove for in 2007, with Lewis Hamilton as teammate McLaren
98%
Other current driver from that country Carlos Sainz
97%
Team he drove for from 2010 to 2014, where he got his last win in F1 Ferrari
96%
Team where he won both of his championships Renault
95%
Year of Birth 1981
92%
Team he drove for from 2021 to 2022, when he returned to F1 Alpine
92%
Current driver number 14
85%
Alonso is the F1 driver with the most ____ _____ (over 300) race entries
82%
Fill in the blank: "All the time you have to leave a _____" space
81%
First Team (2001) Minardi
78%
Fill in the blank: "___ engine, ___" GP2
71%
Grand Prix where the famous "Crashgate" happened Singapore
71%
Grand Prix where he got his first win Hungary
66%
Team he won the 24 hours of Le Mans with Toyota
58%
Driver who crashed with Alonso in the 2016 Australian Grand Prix Esteban Gutiérrez
44%
No matching quizzes found
Score Distribution
Percent of People with Each Score
Percentile by Number Answered
Your Score History
You have not taken this quiz